| 000 | 00428nam a22001577a 4500 | ||
|---|---|---|---|
| 003 | NUST - PNEC | ||
| 005 | 20170116181017.0 | ||
| 008 | 150914b xxu||||| |||| 00| 0 eng d | ||
| 040 | _cLIBRARY | ||
| 082 | _a005.756 PAG | ||
| 100 |
_910479 _aA. J. Page |
||
| 245 |
_aRelational databases _bconcepts, selection and implementation _cA. J. Page |
||
| 260 | _c1993 | ||
| 650 |
_910416 _aDatabase management _xMIS |
||
| 942 |
_2ddc _cBK |
||
| 999 |
_c67288 _d67288 |
||